Guillaume Tell [ (Record no. 168821)

MARC details
000 -LEADER
campo de control de longitud fija 00777nam a22002175i 4500
001 - NÚMERO DE CONTROL
campo de control 168821
003 - IDENTIFICADOR DE NÚMERO DE CONTROL
campo de control ES-MaACL
005 - FECHA Y HORA DE LA ÚLTIMA TRANSACCIÓN
campo de control 20250521063436.0
008 - DATOS DE LONGITUD FIJA--INFORMACIÓN GENERAL
campo de control de longitud fija 080612q1862 fr |||| | fre d
080 ## - NÚMERO DE LA CLASIFICACIÓN DECIMAL UNIVERSAL
Número de la Clasificación Decimal Universal 782.089.6
100 1# - ENTRADA PRINCIPAL--NOMBRE DE PERSONA
Nombre de persona Rossini, Gioachino,
Fechas asociadas al nombre 1792-1868
9 (RLIN) 240542
245 10 - MENCIÓN DEL TÍTULO
Título Guillaume Tell [
Medio Música impresa]
Resto del título : opéra en quatre actes /
Mención de responsabilidad, etc. paroles de Jouy et H. Bis ; musique de G. Rossini.
260 ## - PUBLICACIÓN, DISTRIBUCIÓN, ETC.
Lugar de publicación, distribución, etc. Paris :
Nombre del editor, distribuidor, etc. L. Grus et Cie.,
Fecha de publicación, distribución, etc. [ca. 1862]
300 ## - DESCRIPCIÓN FÍSICA
Extensión 1 partitura de coro (254 p.) ;
Dimensiones 19 cm.
650 #4 - PUNTO DE ACCESO ADICIONAL DE MATERIA--TÉRMINO DE MATERIA
Término de materia o nombre geográfico como elemento de entrada Óperas-
Subdivisión general Partituras de coro.
9 (RLIN) 137579
700 1# - ENTRADA AGREGADA--NOMBRE PERSONAL
Nombre de persona Jouy, Etiénne de.
9 (RLIN) 137942
700 1# - ENTRADA AGREGADA--NOMBRE PERSONAL
Nombre de persona Bis, Hippolyte.
9 (RLIN) 137943
852 4# - LOCALIZACIÓN
Ubicación ES-MaACL
Número de control de estantería E-11632
Nota libre - Biblioteca Jacinto Martínez Lacalle
942 ## - ELEMENTOS DE ENTRADA SECUNDARIOS (KOHA)
Fuente del sistema de clasificación o colocación Clasificación decimal universal
Holdings
Estatus retirado Estado de pérdida Fuente del sistema de clasificación o colocación Estado de daño No para préstamo Colección Biblioteca de origen Biblioteca actual Ubicación en estantería Fecha de adquisición Total de préstamos Signatura topográfica completa Código de barras Visto por última vez Precio de reemplazo Tipo de ítem Koha
    Clasificación decimal universal     Libros del s. XIX Biblioteca del Ateneo de Madrid Biblioteca del Ateneo de Madrid Depósito 2 12/06/2008   E-11632 1177165 23/02/2023 23/02/2023 Partitura